Networks: From Biology to Theory [electronic resource] / edited by Jianfeng Feng, Jürgen Jost, Minping Qian.
Record details
- ISBN: 9781846287800
- Physical Description: XXV, 313 p. online resource.
- Publisher: London : Springer London, 2007.
Search for related items by subject
| Subject: | Computer science. Computer Communication Networks. Bioinformatics. Computer Science. Computer Communication Networks. Bioinformatics. |
Electronic resources
| LDR | 01417nam a22003975i 4500 | ||
|---|---|---|---|
| 001 | 21648 | ||
| 003 | CONS | ||
| 005 | 20131216171200.0 | ||
| 007 | cr nn 008mamaa | ||
| 008 | 100301s2007 xxk| s |||| 0|eng d | ||
| 020 | . | ‡a9781846287800 ‡9978-1-84628-780-0 | |
| 024 | 7 | . | ‡a10.1007/978-1-84628-780-0 ‡2doi |
| 035 | . | ‡a(DE-He213)978-1-84628-780-0 | |
| 050 | 4. | ‡aTK5105.5-5105.9 | |
| 072 | 7. | ‡aUKN ‡2bicssc | |
| 072 | 7. | ‡aCOM075000 ‡2bisacsh | |
| 100 | 1 | . | ‡aFeng, Jianfeng. ‡eeditor. |
| 245 | 1 | 0. | ‡aNetworks: From Biology to Theory ‡h[electronic resource] / ‡cedited by Jianfeng Feng, Jürgen Jost, Minping Qian. |
| 264 | 1. | ‡aLondon : ‡bSpringer London, ‡c2007. | |
| 300 | . | ‡aXXV, 313 p. ‡bonline resource. | |
| 336 | . | ‡atext ‡btxt ‡2rdacontent | |
| 337 | . | ‡acomputer ‡bc ‡2rdamedia | |
| 338 | . | ‡aonline resource ‡bcr ‡2rdacarrier | |
| 347 | . | ‡atext file ‡bPDF ‡2rda | |
| 650 | 0. | ‡aComputer science. | |
| 650 | 0. | ‡aComputer Communication Networks. | |
| 650 | 0. | ‡aBioinformatics. | |
| 650 | 1 | 4. | ‡aComputer Science. |
| 650 | 2 | 4. | ‡aComputer Communication Networks. |
| 650 | 2 | 4. | ‡aBioinformatics. |
| 700 | 1 | . | ‡aJost, Jürgen. ‡eeditor. |
| 700 | 1 | . | ‡aQian, Minping. ‡eeditor. |
| 710 | 2 | . | ‡aSpringerLink (Online service) |
| 773 | 0 | . | ‡tSpringer eBooks |
| 776 | 0 | 8. | ‡iPrinted edition: ‡z9781846284854 |
| 856 | 4 | 0. | ‡uhttp://biblioteca.ipicyt.edu.mx:2048/login?url=http://dx.doi.org/10.1007/978-1-84628-780-0 ‡yTexto completo ‡9CONS |
| 950 | . | ‡aComputer Science (Springer-11645) | |
| 901 | . | ‡a21648 ‡b ‡c21648 ‡tbiblio ‡sSystem Local | |